[Event "Bogota AlphaZero op"]
[Site "Bogota"]
[Date "2018.08.20"]
[Round "6"]
[White "Luque Mojica, Carlos F"]
[Black "Nino, Jesus Camilo"]
[Result "0-1"]
[WhiteElo "1720"]
[BlackElo "1505"]
[PlyCount "46"]
[EventDate "2018.08.17"]
[EventType "swiss"]
[EventRounds "7"]
[EventCountry "COL"]
[SourceTitle "CBM 186 Extra"]
[Source "ChessBase"]
[SourceDate "2018.08.24"]
[SourceVersion "1"]
[SourceVersionDate "2018.08.24"]
[SourceQuality "1"]

1. Nf3 Nf6 2. d4 g6 3. Bg5 Bg7 4. Nbd2 d6 5. e3 Nbd7 6. Bd3 b6 7. Qe2 c5 8. c3 Bb7 9. 0-0 0-0 10. e4 Rc8 11. Rac1 Re8 12. Ba6 Qc7 13. Bxb7 Qxb7 14. h3 Rc7 15. d5 e6 16. Nc4 Qa6 17. Nfd2 exd5 18. f3 dxc4 19. Qxc4 Qxc4 20. Nxc4 d5 21. exd5 Nxd5 22. Rfe1 Rxe1+ 23. Rxe1 N7f6 0-1

[Event "Bogota Triduo op"]
[Site "Bogota"]
[Date "2015.04.03"]
[Round "4"]
[White "Nieto, Manuel Valerio Wald"]
[Black "Luque Mojica, Carlos F"]
[Result "1-0"]
[WhiteElo "2050"]
[BlackElo "1738"]
[PlyCount "67"]
[EventDate "2015.04.01"]
[EventType "swiss"]
[EventRounds "9"]
[EventCountry "COL"]
[SourceTitle "CBM 165 Extra"]
[Source "ChessBase"]
[SourceDate "2015.04.21"]
[SourceVersion "1"]
[SourceVersionDate "2015.04.21"]
[SourceQuality "1"]

1. d4 g6 2. c4 Bg7 3. Nf3 e6 4. Nc3 Ne7 5. e4 d6 6. Be2 0-0 7. 0-0 Nd7 8. Be3 b6 9. Qd2 Bb7 10. Rfd1 a6 11. Rac1 f6 12. Ne1 Rc8 13. Nd3 Rf7 14. c5 d5 15. Nf4 Nf8 16. Bf3 c6 17. cxb6 g5 18. Nd3 Qxb6 19. Na4 Qd8 20. Nac5 Rc7 21. Bh5 Neg6 22. e5 Bc8 23. f4 h6 24. fxg5 fxg5 25. Qa5 Qe8 26. Nb4 Ra7 27. Qb6 a5 28. Nxc6 Rac7 29. Nxa5 Kh7 30. Ncb3 Qd7 31. Qxc7 Qxc7 32. Rxc7 Rxc7 33. Rc1 Rxc1+ 34. Bxc1 1-0

[Event "Bogota Triduo op"]
[Site "Bogota"]
[Date "2015.04.02"]
[Round "2"]
[White "Luque Mojica, Carlos F"]
[Black "Angel, Antonio"]
[Result "1-0"]
[WhiteElo "1738"]
[BlackElo "1899"]
[PlyCount "69"]
[EventDate "2015.04.01"]
[EventType "swiss"]
[EventRounds "9"]
[EventCountry "COL"]
[SourceTitle "CBM 165 Extra"]
[Source "ChessBase"]
[SourceDate "2015.04.21"]
[SourceVersion "1"]
[SourceVersionDate "2015.04.21"]
[SourceQuality "1"]

1. Nf3 Nf6 2. c4 g6 3. Nc3 c5 4. d3 Bg7 5. g3 0-0 6. Bg2 Nc6 7. 0-0 Rb8 8. Rb1 d6 9. Bg5 h6 10. Bd2 a6 11. Qc1 Kh7 12. h3 b5 13. Ng5+ hxg5 14. Bxc6 Bxh3 15. Bg2 Bxg2 16. Kxg2 b4 17. Nd1 g4 18. Rh1+ Nh5 19. Ne3 f5 20. Nd5 e5 21. Bg5 Qd7 22. Qd2 Kg8 23. Rh4 Kf7 24. Rbh1 Rh8 25. b3 a5 26. f3 gxf3+ 27. exf3 f4 28. gxf4 Nxf4+ 29. Bxf4 exf4 30. Qxf4+ Kg8 31. Nf6+ Bxf6 32. Qxf6 Qg7 33. Qe6+ Qf7 34. Rxh8+ Kg7 35. Qxf7+ 1-0

[Event "Bogota McGregor op 3rd"]
[Site "Bogota"]
[Date "2012.12.15"]
[Round "7"]
[White "Luque Mojica, Carlos F"]
[Black "Estrella Becerra, Fernando"]
[Result "0-1"]
[WhiteElo "1749"]
[BlackElo "2049"]
[PlyCount "84"]
[EventDate "2012.12.12"]
[EventType "swiss"]
[EventRounds "9"]
[EventCountry "COL"]
[SourceTitle "EXT 2014"]
[Source "ChessBase"]
[SourceDate "2013.11.20"]
[SourceVersion "1"]
[SourceVersionDate "2013.11.20"]
[SourceQuality "1"]

1. Nf3 Nf6 2. d4 e6 3. Bg5 Be7 4. Bxf6 Bxf6 5. e4 d6 6. c3 Nd7 7. Nbd2 0-0 8. Bd3 e5 9. dxe5 Nxe5 10. Nxe5 dxe5 11. Qc2 Be6 12. 0-0 c6 13. b3 b5 14. Rad1 Qb6 15. Rfe1 Rfd8 16. Nf1 a5 17. h3 Bh4 18. Ne3 g6 19. Kh2 h5 20. g3 Be7 21. Rf1 Bc5 22. Ng2 f6 23. Nh4 Kg7 24. f4 Bf7 25. Qe2 Ra7 26. fxe5 fxe5 27. Rf3 Rf8 28. Rdf1 Be8 29. Rxf8 Bxf8 30. Rf3 Rf7 31. Rxf7+ Bxf7 32. g4 Qd8 33. Nf3 hxg4 34. hxg4 Be6 35. Kg3 Bc5 36. Nh4 Qg5 37. Ng2 Ba3 38. Bc2 Bc1 39. Qf3 Qd2 40. Bd1 Qxa2 41. Qd3 Qd2 42. Qf3 Bb2 0-1

[Event "Bogota McGregor op 3rd"]
[Site "Bogota"]
[Date "2012.12.15"]
[Round "6"]
[White "Luque Mojica, Carlos F"]
[Black "Rodriguez Sanchez, Diego Eduardo"]
[Result "1/2-1/2"]
[WhiteElo "1749"]
[BlackElo "2063"]
[PlyCount "71"]
[EventDate "2012.12.12"]
[EventType "swiss"]
[EventRounds "9"]
[EventCountry "COL"]
[SourceTitle "EXT 2014"]
[Source "ChessBase"]
[SourceDate "2013.11.20"]
[SourceVersion "1"]
[SourceVersionDate "2013.11.20"]
[SourceQuality "1"]

1. Nf3 d5 2. d4 Nf6 3. Bg5 Ne4 4. Bh4 c6 5. e3 Qb6 6. Qc1 Bg4 7. Nfd2 e6 8. Nxe4 dxe4 9. Nd2 Bf5 10. Be2 Nd7 11. 0-0 Bd6 12. a3 Qc7 13. Bg3 0-0 14. Bxd6 Qxd6 15. Nc4 Qc7 16. b4 b5 17. Na5 Nf6 18. Qb2 Bg4 19. f3 Bh5 20. c4 Rfe8 21. cxb5 exf3 22. gxf3 Nd5 23. Qd2 e5 24. Nxc6 exd4 25. e4 Nf4 26. e5 g5 27. Bc4 a6 28. a4 axb5 29. axb5 Rxa1 30. Rxa1 Bxf3 31. Ra7 Qb6 32. Qxd4 Qxd4+ 33. Nxd4 Bd5 34. Bxd5 Nd3 35. Nc6 h5 36. Rd7 1/2-1/2

[Event "Bogota Semana Santa op"]
[Site "Bogota"]
[Date "2012.04.08"]
[Round "8"]
[White "Luque Mojica, Carlos F"]
[Black "Pena Duarte, Fabian Dario"]
[Result "1/2-1/2"]
[WhiteElo "1747"]
[BlackElo "2160"]
[PlyCount "102"]
[EventDate "2012.04.04"]
[EventType "swiss"]
[EventRounds "9"]
[EventCountry "COL"]
[SourceTitle "CBM 147 Extra"]
[Source "ChessBase"]
[SourceDate "2012.04.24"]
[SourceVersion "1"]
[SourceVersionDate "2012.04.24"]
[SourceQuality "1"]

1. Nf3 d5 2. b3 Nf6 3. Bb2 Bf5 4. d3 e6 5. Nbd2 Be7 6. g3 0-0 7. Bg2 Nbd7 8. 0-0 Re8 9. Re1 Bb4 10. a3 Ba5 11. b4 Bb6 12. h3 e5 13. e4 dxe4 14. Nxe4 Nxe4 15. dxe4 Bg6 16. Nh4 Qf6 17. Qf3 Qc6 18. Nxg6 fxg6 19. Qb3+ Kh8 20. c4 Qe6 21. Rad1 Rf8 22. Re2 c6 23. Qc2 Rf7 24. Kh2 Raf8 25. c5 Bc7 26. Rf1 g5 27. Bc1 h6 28. Be3 Nf6 29. Rd2 g4 30. h4 Bd8 31. Rd6 Qc8 32. Rfd1 Be7 33. R6d2 Nh5 34. Qc4 a6 35. Rd7 Nf6 36. R7d2 Nh5 37. Qc2 Nf4 38. Rd7 g5 39. Rxe7 Rxe7 40. gxf4 gxf4 41. Bc1 g3+ 42. fxg3 fxg3+ 43. Kg1 Qg4 44. Rd6 Rf2 45. Rxh6+ Kg7 46. Qd3 Ref7 47. h5 Rxg2+ 48. Kxg2 Rf2+ 49. Kg1 Qh3 50. Rg6+ Kh7 51. Rh6+ Kg7 1/2-1/2